Formel 1 Rennkalender 2022 - Statistiken

Allgemein
  • Dieses Quiz wurde 1.571 mal gespielt
  • Das Durchschnittsergebnis liegt bei 18 aus 22
Antwortstatistiken
Datum Grand Prix % Korrekt
20. März Bahrain
94%
11. September Italien
94%
10. April Australien
91%
22. Mai Spanien
90%
23. Oktober USA
90%
28. August Belgien
89%
4. September Niederlande
88%
13. November São Paulo
88%
27. März Saudi-Arabien
88%
10. Juli Österreich
87%
29. Mai Monaco
86%
9. Oktober Japan
85%
24. Juli Frankreich
84%
20. November Abu Dhabi
83%
30. Oktober Mexiko
82%
19. Juni Kanada
78%
31. Juli Ungarn
77%
2. Oktober Singapur
75%
12. Juni Aserbaidschan
74%
3. Juli Großbritannien
74%
8. Mai Miami
68%
24. April Emilia-Romagna
37%
Keine übereinstimmenden Quizze gefunden
Verteilung der Resultate
Anzahl Personen mit jedem Resultat
Perzentil nach korrekt beantworteten Fragen
Ihre Resultats-Entwicklung
Sie haben dieses Quiz noch nicht gespielt